000 01263cam a2200193 4500500
005 20260412000116.0
041 _afre
042 _adc
100 1 0 _aIthurbide, Christine
_eauthor
700 1 0 _aBouquillion, Philippe
_eauthor
700 1 0 _aKniaz, Alix
_eauthor
700 1 0 _aNiedbalec, Arnaud
_eauthor
245 0 0 _aInternacionalización de las plataformas y desafíos para las industrias culturales: reflexiones a partir del caso indio
260 _c2022.
500 _a29
520 _aEn un contexto de globalización, las plataformas digitales estadounidenses intentan hacerse un hueco en el creciente mercado indio. A partir del caso de las industrias culturales, esta entrevista examina sus diferentes estrategias de adaptación e inversión a nivel industrial, económico y tecnológico. También analiza las relaciones de influencia, poder y hegemonía que estas plataformas crean en la industria cinematográfica y, más ampliamente, las transformaciones de la economía india a las que contribuyen los actores digitales.
786 0 _nRegards croisés sur l'économie | 30-31 | 1 | 2022-11-22 | p. 230-241 | 1956-7413
856 4 1 _uhttps://shs.cairn.info/revista-regards-croises-sur-l-economie-2022-1-page-230?lang=es&redirect-ssocas=7080
999 _c2209241
_d2209241